000 00284nam a2200109 a 4500
005 20201002044919.0
008 140402s1971 000 spa d
100 _aHoffmann Grimm, Endersen
_971503
245 0 _aCuentos.
260 _aMadrid -- Libra,
_c1971 -- 181 p.
999 _c43167
_d43167
040 _aDO-SdBNP